<?xml version="1.0" encoding="UTF-8"?>
<record
    xmlns:xsi="http://www.w3.org/2001/XMLSchema-instance"
    xsi:schemaLocation="http://www.loc.gov/MARC21/slim http://www.loc.gov/standards/marcxml/schema/MARC21slim.xsd"
    xmlns="http://www.loc.gov/MARC21/slim">

  <leader>01561nam2a2200289   4500</leader>
  <controlfield tag="001">RU\NLR\BIBL_A\011694197</controlfield>
  <controlfield tag="005">20180523162143.0</controlfield>
  <datafield tag="010" ind1=" " ind2=" ">
    <subfield code="a">978-5-6040398-8-5</subfield>
  </datafield>
  <datafield tag="021" ind1=" " ind2=" ">
    <subfield code="a">RU</subfield>
    <subfield code="b">&#x41A;&#x41D;-&#x41F;-18-022233</subfield>
    <subfield code="9">&#x41A;&#x41D;-&#x41F;-18-1619</subfield>
  </datafield>
  <datafield tag="035" ind1=" " ind2=" ">
    <subfield code="a">(NLR Aleph) 011694197</subfield>
  </datafield>
  <datafield tag="035" ind1=" " ind2=" ">
    <subfield code="a">(RuMoRGB)009584378</subfield>
  </datafield>
  <datafield tag="090" ind1=" " ind2=" ">
    <subfield code="a">11354939</subfield>
    <subfield code="c">11354939</subfield>
  </datafield>
  <datafield tag="100" ind1=" " ind2=" ">
    <subfield code="a">20180507d2018    k  y0rusy50      ca</subfield>
  </datafield>
  <datafield tag="101" ind1="0" ind2=" ">
    <subfield code="a">eng</subfield>
  </datafield>
  <datafield tag="102" ind1=" " ind2=" ">
    <subfield code="a">RU</subfield>
  </datafield>
  <datafield tag="105" ind1=" " ind2=" ">
    <subfield code="a">y   z   000zy</subfield>
  </datafield>
  <datafield tag="200" ind1="0" ind2=" ">
    <subfield code="a">Vol. 8</subfield>
    <subfield code="e">monograph</subfield>
  </datafield>
  <datafield tag="210" ind1=" " ind2=" ">
    <subfield code="a">Krasnoyarsk</subfield>
    <subfield code="c">Letter print</subfield>
    <subfield code="d">2018</subfield>
  </datafield>
  <datafield tag="215" ind1=" " ind2=" ">
    <subfield code="a">316, [1] c.</subfield>
  </datafield>
  <datafield tag="300" ind1=" " ind2=" ">
    <subfield code="a">&#x41E;&#x431;&#x449;. &#x437;&#x430;&#x433;&#x43B;. &#x442;. 8: Sociological essay: "forsayt-determinants - "Components motivational and activity sphere readiness of experts sports profile to creation of competitive advantages"</subfield>
  </datafield>
  <datafield tag="320" ind1=" " ind2=" ">
    <subfield code="a">&#x421;&#x43F;&#x438;&#x441;&#x43E;&#x43A; &#x441;&#x43E;&#x447;. &#x430;&#x432;&#x442;.: &#x441;. 306-315</subfield>
  </datafield>
  <datafield tag="461" ind1=" " ind2="0">
    <subfield code="1">001RU\NLR\BIBL_A\010957345</subfield>
    <subfield code="1">2001#$aSociological essays: ideologems, theories, concepts, ways of formation of bases of social and explosive type of activity of Russians$fI. V. Koval$vVol. 8</subfield>
    <subfield code="1">700#1$aKoval'$bI. V.$gIvan Vasil'evi&#x10D;</subfield>
    <subfield code="9">10791991</subfield>
    <subfield code="a">Koval', I. V.</subfield>
    <subfield code="c">Krasnoyarsk</subfield>
    <subfield code="d">2015</subfield>
    <subfield code="f">I. V. Koval</subfield>
    <subfield code="n">Publishing department of KGPU</subfield>
    <subfield code="t">Sociological essays: ideologems, theories, concepts, ways of formation of bases of social and explosive type of activity of Russians</subfield>
    <subfield code="v">Vol. 8</subfield>
  </datafield>
  <datafield tag="517" ind1="1" ind2=" ">
    <subfield code="a">Sociological essay: "forsayt-determinants - "Components motivational and activity sphere readiness of experts sports profile to creation of competitive advantages"</subfield>
  </datafield>
  <datafield tag="942" ind1=" " ind2=" ">
    <subfield code="c">BOOK</subfield>
  </datafield>
  <datafield tag="980" ind1=" " ind2=" ">
    <subfield code="a">NB</subfield>
  </datafield>
  <datafield tag="995" ind1=" " ind2=" ">
    <subfield code="5">2018-05-07</subfield>
    <subfield code="a">ad</subfield>
    <subfield code="b">NLR01</subfield>
    <subfield code="c">NLR01</subfield>
    <subfield code="e">IF</subfield>
    <subfield code="f">1-2278207</subfield>
    <subfield code="k">&#x418;&#x43A; 2016-3/1</subfield>
    <subfield code="o">0</subfield>
    <subfield code="r">BOOK</subfield>
    <subfield code="s">_201631</subfield>
  </datafield>
</record>
